000 00493cam a2200205ua 4500
020 _c8.40
041 _aeng
_h
082 _a823.308
_bHUG/TO
100 _aHugher, Themas .
245 _aTom brown`s schooldays /
_cThemas hugher.
_hTextual Documents
260 _aLondon :
_bJ M Dent and sons ltd ,
_c1962.
300 _a340 ; .
365 _a8.40
504 _a
942 _cBK
999 _c4375
_d4375